|
|
|
|
| LEADER |
00000naa2a2200000 4500 |
| 001 |
547207 |
| 005 |
20231101120045.0 |
| 035 |
|
|
|a (RuTPU)RU\TPU\prd\239425
|
| 035 |
|
|
|a RU\TPU\prd\239403
|
| 090 |
|
|
|a 547207
|
| 100 |
|
|
|a 20150626a2003 k y0rusy50 ca
|
| 101 |
0 |
|
|a rus
|
| 102 |
|
|
|a RU
|
| 200 |
1 |
|
|a Кинетика испарения и абляции при облучении мощными ионными пучками изделий из жаропрочных сплавов с защитными покрытиями
|f В. А. Шулов [и др.]
|
| 320 |
|
|
|a Библиогр.: с. 28 (12 назв.)
|
| 330 |
|
|
|a Изучена кинетика абляции поверхностных слоев образцов и лопаток газотурбинных двигателей (ГТД) из титанового и никелевого сплавов с эрозионно-стойкими покрытиями при облучении мощными импульсными ионными пучками при различных плотностях тока в импульсе. Разработаны основы экологически чистых ионно-лучевых технологических процессов ремонта и восстановления свойств лопаток ГТД с различными защитными покрытиями.
|
| 461 |
|
0 |
|0 (RuTPU)RU\TPU\prd\404
|t Физика и химия обработки материалов
|f Российская академия наук (РАН), Институт металлургии и материаловедения им. А. А. Байкова (ИМЕТ)
|d 1968-
|
| 463 |
|
1 |
|0 (RuTPU)RU\TPU\prd\94377
|t № 1
|v С. 22-28
|d 2003
|
| 610 |
1 |
|
|a труды учёных ТПУ
|
| 610 |
1 |
|
|a титановые сплавы
|
| 610 |
1 |
|
|a никелевые сплавы
|
| 610 |
1 |
|
|a покрытия
|
| 610 |
1 |
|
|a ионно-лучевые технологии
|
| 610 |
1 |
|
|a эрозионно-стойкие материалы
|
| 701 |
|
1 |
|a Шулов
|b В. А.
|
| 701 |
|
1 |
|a Ночовная
|b Н. А.
|
| 701 |
|
1 |
|a Ремнев
|b Г. Е.
|c физик
|c профессор Томского политехнического университета, доктор технических наук
|f 1948-
|g Геннадий Ефимович
|2 stltpush
|3 (RuTPU)RU\TPU\pers\22004
|
| 701 |
|
1 |
|a Львов
|b А. Ф.
|
| 801 |
|
1 |
|a RU
|b 63413507
|c 20120913
|
| 801 |
|
2 |
|a RU
|b 63413507
|c 20150626
|g RCR
|
| 942 |
|
|
|c BK
|